Missing Word: Isaac Newton Quotes Quiz Stats

 Plays Quiz not verified by Sporcle

Challenge
Share
Tweet
Embed
Score 0/15 Timer 07:00
0 Plays Today
% Correct
Results
83.2%
Down
83%
Action
82.7%
Giants
82.1%
Moon
81%
Light
80.2%
Gravity
79.9%
Explanation
76.4%
% Correct
Guess
71.7%
Nature
70.9%
Cause
67.9%
Madness
60.7%
Truth
58%
Philosopher's Stone
40.7%
Thumb
32.1%

You're not logged in!

Compare scores with friends on all Sporcle quizzes.
Join for Free
OR
Log In

You Might Also Like...

Show Comments

Extras

Top Quizzes Today


Score Distribution

Your Account Isn't Verified!

In order to create a playlist on Sporcle, you need to verify the email address you used during registration. Go to your Sporcle Settings to finish the process.

Report this User

Report this user for behavior that violates our Community Guidelines.

Details: